| 000 | 00610nam a22001817a 4500 | ||
|---|---|---|---|
| 005 | 20230131061707.0 | ||
| 008 | 230131b |||||||| |||| 00| 0 eng d | ||
| 020 | _a978-1-316-61495-2 | ||
| 082 | _a428.0071 R976 2019 | ||
| 100 |
_aRose, Heath, _eauthor. |
||
| 245 |
_aGlobal englishes for language teaching / _cNicola Galloway. |
||
| 260 |
_aCambridge, England : _b‎Cambridge University Press, _cc2019. |
||
| 300 |
_axix, 255p. : _bill. |
||
| 504 | _aIncludes references and index. | ||
| 541 | _e6686 | ||
| 650 |
_aEnglish language _vStudy and teaching _xForeign speakers |
||
| 700 |
_aGalloway, Nicola, _eauthor. |
||
| 999 |
_c778 _d778 |
||